000 00221nam a22000857a 4500
008 160824b xxu||||| |||| 00| 0 eng d
100 _9243
_aAbdul Kalam APJ
245 _aWings of Fire
260 _aHyderabad
_bAP publication
_c2009
999 _c2898
_d2898